Egg incubation : Its effects on embryonic developemtn in birds and reptiles

This book reviews comprehensively incubation effects on embryonic development in birds and reptiles and presents the first ever synthesis of data from these two vertebrate classes. International experts in each field have contributed to this extensively referenced volume and it will be of great inte...

Full beskrivning

Sparad:
Bibliografiska uppgifter
Huvudupphovsman: Deeming, D. Charles
Materialtyp: Bok
Språk:Undetermined
Publicerad: Cambridge, UK Cambridge University Press 2004
Ämnen:
Taggar: Lägg till en tagg
Inga taggar, Lägg till första taggen!
Thư viện lưu trữ: Trung tâm Học liệu Trường Đại học Cần Thơ
LEADER 01058nam a2200229Ia 4500
001 CTU_116890
008 210402s9999 xx 000 0 und d
020 |c 81.65 
082 |a 571.8616 
082 |b D311 
100 |a Deeming, D. Charles 
245 0 |a Egg incubation : 
245 0 |b Its effects on embryonic developemtn in birds and reptiles 
245 0 |c Edited by D. Charles Deeming and Mark W.J. Ferguson 
260 |a Cambridge, UK 
260 |b Cambridge University Press 
260 |c 2004 
520 |a This book reviews comprehensively incubation effects on embryonic development in birds and reptiles and presents the first ever synthesis of data from these two vertebrate classes. International experts in each field have contributed to this extensively referenced volume and it will be of great interest not only to research biologists, but also to bird and reptile breeders. 
650 |a Eggs,Birds,Reptiles 
650 |x Incubation,Embryology,Embryology 
904 |i Minh 
980 |a Trung tâm Học liệu Trường Đại học Cần Thơ